000 00354nam a2200145Ia 4500
008 210210b1983 xxu||||| |||| 00| 0 eng d
020 _a0 205 07813 3
082 _a330 FIFB
100 _aFIELD (William P).
245 _aBasic economics.
260 _aBoston
_bAllyn & Bacon
_c1983
300 _axxii,485
690 _aEconomic Theory
906 _a036262
999 _c87029
_d87029